| 000 | 00698nam a2200181Ia 4500 | ||
|---|---|---|---|
| 008 | 090122s9999 xx 000 0 und d | ||
| 082 |
_b1567 _a25 |
||
| 100 |
_aलेले _bरा _cके |
||
| 245 | _aगं्रथ वर्णन आणि ग्रंथ सूची | ||
| 260 | _bजोशी - लोखंडे प्रकाशन | ||
| 300 | _a202 | ||
| 501 | _aदेणगी - श्री भवसार यांजकडून | ||
| 600 | _aलेले | ||
| 630 | _aगं्रथ वर्णन आणि ग्रंथ सूची | ||
| 700 | _aलेले | ||
| 730 | _aगं्रथ वर्णन आणि ग्रंथ सूची | ||
| 942 | _cBOOK | ||
| 999 |
_c25645 _d25645 |
||